[Event "Quebec-ch B U20 Pepsico"]
[Site "Montreal"]
[Date "2012.02.10"]
[Round "1"]
[White "Kravets, Michael"]
[Black "Bershtein, Anry Samuel"]
[Result "1-0"]
[WhiteElo "1390"]
[BlackElo "1192"]
[PlyCount "61"]
[EventDate "2012.02.10"]
[EventType "swiss"]
[EventRounds "5"]
[EventCountry "CAN"]
[SourceTitle "EXT 2022"]
[Source "ChessBase"]
[SourceDate "2021.10.06"]
[SourceVersion "1"]
[SourceVersionDate "2021.10.06"]
[SourceQuality "1"]

1. e4 e5 2. Nf3 Nc6 3. Bb5 d6 4. d4 Bg4 5. d5 a6 6. dxc6 axb5 7. cxb7 Rb8 8. Qd5 Bd7 9. Ng5 Qe7 10. 0-0 Nf6 11. Qd3 Rxb7 12. a3 h6 13. Nf3 g5 14. a4 Ra7 15. Nc3 c6 16. a5 Ra6 17. b4 d5 18. Ba3 d4 19. Ne2 g4 20. Nh4 Nxe4 21. Qxe4 Qxh4 22. Qxe5+ Be6 23. Qxh8 Bc4 24. Rfe1 d3 25. cxd3 Be6 26. Nd4 Ke7 27. Nxe6 fxe6 28. Qh7+ Kf6 29. Bb2+ Kg5 30. Rxe6 Bxb4 31. Bc1+ 1-0

[Event "Quebec-ch U16"]
[Site "Montreal"]
[Date "2011.11.27"]
[Round "5"]
[White "Bershtein, Anry Samuel"]
[Black "Kravets, Michael"]
[Result "0-1"]
[WhiteElo "1183"]
[BlackElo "1390"]
[PlyCount "78"]
[EventDate "2011.11.25"]
[EventType "swiss"]
[EventRounds "5"]
[EventCountry "CAN"]
[SourceTitle "EXT 2022"]
[Source "ChessBase"]
[SourceDate "2021.10.06"]
[SourceVersion "1"]
[SourceVersionDate "2021.10.06"]
[SourceQuality "1"]

1. e4 e5 2. Nf3 Nf6 3. Nc3 Nc6 4. g3 Bc5 5. Bg2 Ng4 6. 0-0 d6 7. h3 Nf6 8. Nd5 Nxe4 9. Qe1 Nf6 10. Nxf6+ Qxf6 11. d3 Bxh3 12. Bg5 Qf5 13. Bxh3 Qxf3 14. Bg2 Qg4 15. Bxc6+ bxc6 16. Qc1 f6 17. Bd2 Qf3 18. Qd1 Qxg3+ 19. Kh1 Bxf2 20. Rxf2 Qxf2 21. Qe1 Qd4 22. Bc3 Qd5+ 23. Kh2 h5 24. d4 h4 25. dxe5 dxe5 26. Ba5 h3 27. Qh1 Qxa5 28. Qxc6+ Kf7 29. Qd7+ Kf8 30. Rd1 Re8 31. Rd5 Qxa2 32. Qxc7 Qxb2 33. Qd6+ Re7 34. Qd8+ Re8 35. Qd6+ Kf7 36. Qc7+ Kg6 37. Rd2 Rc8 38. Qxa7 Rxc2 39. Rxc2 Qxc2+ 0-1

[Event "Quebec-ch U16"]
[Site "Montreal"]
[Date "2011.11.25"]
[Round "1"]
[White "Nikulich, Oleksandr"]
[Black "Kravets, Michael"]
[Result "1-0"]
[WhiteElo "1832"]
[BlackElo "1390"]
[PlyCount "73"]
[EventDate "2011.11.25"]
[EventType "swiss"]
[EventRounds "5"]
[EventCountry "CAN"]
[SourceTitle "EXT 2022"]
[Source "ChessBase"]
[SourceDate "2021.10.06"]
[SourceVersion "1"]
[SourceVersionDate "2021.10.06"]
[SourceQuality "1"]

1. e4 e5 2. Nf3 d6 3. d4 exd4 4. Nxd4 h6 5. Nc3 a6 6. Bc4 Nf6 7. 0-0 Be7 8. Qf3 Nc6 9. Nxc6 bxc6 10. h3 0-0 11. b3 Bb7 12. Ba3 Re8 13. Rad1 c5 14. Bxc5 Qc8 15. Bd4 c6 16. Qg3 Nh5 17. Qg6 Nf6 18. Bxf7+ Kf8 19. Bxe8 Qxe8 20. Qxe8+ Rxe8 21. e5 dxe5 22. Bxe5 Bb4 23. Bd6+ Bxd6 24. Rxd6 Re7 25. Na4 Ne4 26. Rd8+ Kf7 27. Re1 Nf6 28. Rxe7+ Kxe7 29. Rb8 Kd6 30. Rxb7 g5 31. Kf1 Ne4 32. Rh7 Nd2+ 33. Ke2 Ne4 34. Ke3 Kd5 35. c4+ Ke5 36. Re7+ Kf6 37. Rxe4 1-0